00386nam a2200157Ia 4500003000400000005001700004008004100021020001800062040000900080082002000089100002200109245003300131260003300164300000900197650002200206OSt20210104103712.0190216s9999||||xx |||||||||||||| ||und|| a9788171308361 coclc a894.8121bSAT/A aSatchidanandan, K 0aApoornam /cK Satchidanandan bD C Books,c1988.aKottayam: a106p aMalayalam Kavitha